00944 a2200169 45000010006000000050017000060080041000230030015000640400040000790800056001192450031001752640021002063000019002275050490002461000017007367000021007532522020260407155536.0260407a arg spa d AR-UNSa-BCEJYS aAR-UNSa-BCEJYSbspacAR-UNSa-BCEJYS a519.2xProbabilidades y estadística matemática 10aEstadística Matemática 1aMadrid :bDossat a166 p.c22 cm. a1. La estadística como ciencia : axiomas de probabilidad - 2. Distribuciones de probabilidad y frecunecia representación grafica. Cálculo de momentos - 3. Distribuciones de probabilidad especiales - 4. Ajuste practico de curvas con curvas standars - 5. Probabilidad y frecuencia con dos variables - 6. Método de los minimos cuadrados correlación en varias variables.regresión polinómica y armónica - 7. Distribuciones de probabilidad de los coeficientes estadísticos.1 aAitken, A.C.1 aLópez Gali, E.